[Event "Lipperland op 13th"]
[Site "Doerentrup"]
[Date "2014.06.05"]
[Round "7"]
[White "Ruerup, Hans Heinz"]
[Black "Adam, Detlef"]
[Result "1-0"]
[WhiteElo "2014"]
[BlackElo "2077"]
[PlyCount "55"]
[EventDate "2014.05.30"]
[EventType "swiss"]
[EventRounds "9"]
[EventCountry "GER"]
[SourceTitle "EXT 2019"]
[Source "ChessBase"]
[SourceDate "2018.10.10"]
[SourceVersion "1"]
[SourceVersionDate "2018.10.10"]
[SourceQuality "1"]

1. e4 d6 2. d4 Nf6 3. Nc3 g6 4. Nf3 Bg7 5. Be3 0-0 6. Qd2 Nc6 7. h4 h5 8. Nh2 e5 9. d5 Nb8 10. Bg5 Qd7 11. Be2 Nh7 12. g4 hxg4 13. Nxg4 f5 14. Nh6+ Bxh6 15. Bxh6 Rf6 16. 0-0-0 f4 17. Rdg1 f3 18. Bf1 Qe8 19. Rg3 Nd7 20. Bb5 a6 21. Bxd7 Bxd7 22. Rhg1 Nf8 23. h5 Kh7 24. Bxf8 Qxf8 25. hxg6+ Kg7 26. Rh1 Qe8 27. Qh6+ Kg8 28. Qh8# 1-0

[Event "Hessen-ch Seniors op 09th"]
[Site "Bad Sooden-Allendorf"]
[Date "2013.04.22"]
[Round "3"]
[White "Zoll, Theobald"]
[Black "Ruerup, Hans Heinz"]
[Result "0-1"]
[WhiteElo "1769"]
[BlackElo "1999"]
[PlyCount "54"]
[EventDate "2013.04.20"]
[EventType "swiss"]
[EventRounds "9"]
[EventCountry "GER"]
[SourceTitle "EXT 2019"]
[Source "ChessBase"]
[SourceDate "2018.10.10"]
[SourceVersion "1"]
[SourceVersionDate "2018.10.10"]
[SourceQuality "1"]

1. d4 d5 2. Bf4 c6 3. Nf3 Nf6 4. e3 Bf5 5. Nbd2 e6 6. c4 Bd6 7. Ne5 0-0 8. c5 Bxe5 9. Bxe5 Nbd7 10. Bg3 Re8 11. Nf3 Ne4 12. Be2 Qa5+ 13. Nd2 e5 14. f3 Nxg3 15. hxg3 exd4 16. e4 dxe4 17. Kf1 d3 18. Nb3 dxe2+ 19. Qxe2 Qc7 20. f4 Nf6 21. Re1 Rad8 22. Kg1 Bg4 23. Qc2 e3 24. Nc1 Qd7 25. Kh2 Qd2 26. Qc4 Rd5 27. Ne2 Rh5+ 0-1

[Event "Moehnesee Cup-A 37th"]
[Site "Moehnesee"]
[Date "2011.09.02"]
[Round "2"]
[White "Ruerup, Hans Heinz"]
[Black "Fieberg, Christoph"]
[Result "1/2-1/2"]
[WhiteElo "2034"]
[BlackElo "1878"]
[PlyCount "114"]
[EventDate "2011.09.01"]
[EventType "swiss"]
[EventRounds "7"]
[EventCountry "GER"]
[SourceTitle "EXT 2013"]
[Source "ChessBase"]
[SourceDate "2012.11.22"]
[SourceVersion "1"]
[SourceVersionDate "2012.11.22"]
[SourceQuality "1"]

1. e4 c5 2. Nc3 d6 3. f4 Nc6 4. Nf3 g6 5. Bc4 Bg7 6. 0-0 e6 7. d3 Nge7 8. Qe1 0-0 9. f5 d5 10. Bb3 c4 11. dxc4 dxe4 12. f6 Bxf6 13. Nxe4 Bg7 14. Bg5 f6 15. Be3 Nf5 16. Bc5 Rf7 17. Rd1 Rd7 18. Rxd7 Bxd7 19. Nd6 Nxd6 20. Bxd6 Qa5 21. c3 Re8 22. c5 Kh8 23. Nd2 e5 24. Ne4 Bf5 25. Qh4 Bxe4 26. Qxe4 Qd8 27. Rf3 f5 28. Qe1 e4 29. Rh3 Be5 30. Bf7 Bxd6 31. cxd6 Rf8 32. Bxg6 Kg7 33. Bxh7 Qxd6 34. Qc1 Qf6 35. Rh5 Rh8 36. Rxf5 Qh4 37. Qg5+ Qxg5 38. Rxg5+ Kxh7 39. Rh5+ Kg7 40. Rxh8 Kxh8 41. Kf2 Ne5 42. b3 Kg7 43. Ke3 Ng4+ 44. Kxe4 Nxh2 45. Kd5 Nf1 46. Kd6 Ne3 47. Kc7 Nxg2 48. Kxb7 Ne3 49. c4 Kf6 50. c5 a5 51. c6 Ke5 52. c7 Nf5 53. c8Q Nd6+ 54. Kc7 Nxc8 55. Kxc8 Kd4 56. Kb7 Kc3 57. Ka6 Kb4 1/2-1/2

[Event "Moehnesee Cup-A 37th"]
[Site "Moehnesee"]
[Date "2011.09.01"]
[Round "1"]
[White "Neukoetter, Gerhard"]
[Black "Ruerup, Hans Heinz"]
[Result "1-0"]
[WhiteElo "1936"]
[BlackElo "2034"]
[PlyCount "79"]
[EventDate "2011.09.01"]
[EventType "swiss"]
[EventRounds "7"]
[EventCountry "GER"]
[SourceTitle "EXT 2013"]
[Source "ChessBase"]
[SourceDate "2012.11.22"]
[SourceVersion "1"]
[SourceVersionDate "2012.11.22"]
[SourceQuality "1"]

1. e4 c5 2. Nc3 Nc6 3. g3 g6 4. Bg2 Bg7 5. d3 e6 6. Be3 d6 7. Qd2 Nge7 8. Bh6 0-0 9. h4 Bxh6 10. Qxh6 f6 11. Qd2 Nd4 12. Nd1 b5 13. c3 Ndc6 14. h5 Qe8 15. hxg6 Qxg6 16. Nf3 b4 17. Ne3 Ba6 18. Rh4 f5 19. exf5 exf5 20. c4 Bb7 21. 0-0-0 Nd4 22. Nxd4 Bxg2 23. Nxg2 cxd4 24. Rdh1 Rf7 25. Nf4 Qf6 26. Rh6 Qe5 27. Qxb4 Qc5 28. Qxc5 dxc5 29. Ne6 Rc8 30. Ng5 Rg7 31. f4 Rc6 32. Rxh7 Rxh7 33. Rxh7 Kf8 34. Rh8+ Kg7 35. Re8 Kf6 36. a3 Rc7 37. Kc2 Rb7 38. Rd8 a5 39. Rd6+ Kg7 40. Ne6+ 1-0

[Event "Enger Knappen Cup op-A"]
[Site "Enger"]
[Date "2010.12.28"]
[Round "3"]
[White "Ruerup, Hans Heinz"]
[Black "Plischki, Sebastian"]
[Result "0-1"]
[WhiteElo "2015"]
[BlackElo "2360"]
[PlyCount "60"]
[EventDate "2010.12.27"]
[EventType "swiss"]
[EventRounds "7"]
[EventCountry "GER"]
[SourceTitle "CBM 140 Extra"]
[Source "ChessBase"]
[SourceDate "2011.03.01"]
[SourceVersion "1"]
[SourceVersionDate "2011.03.01"]
[SourceQuality "1"]

1. e4 c5 2. Nc3 d6 3. f4 g6 4. Nf3 Bg7 5. Bc4 Nc6 6. 0-0 Nf6 7. d3 0-0 8. Qe1 Nd4 9. Nxd4 cxd4 10. Ne2 d5 11. exd5 Nxd5 12. Qf2 b5 13. Bxb5 Qb6 14. Bc4 Ne3 15. Bxe3 dxe3 16. Qg3 Qxb2 17. Bb3 Qa3 18. Rab1 Qc5 19. Rf3 a5 20. Rxe3 a4 21. Bc4 Ba6 22. Bxa6 Rxa6 23. c3 Rb6 24. Re1 e6 25. d4 Qd5 26. Nc1 Rb2 27. R3e2 Rxe2 28. Rxe2 Rc8 29. Qd3 Rxc3 30. Qd1 Qxd4+ 0-1

[Event "Enger Knappen Cup op-A"]
[Site "Enger"]
[Date "2010.12.27"]
[Round "2"]
[White "Geisler, Reinhard"]
[Black "Ruerup, Hans Heinz"]
[Result "0-1"]
[WhiteElo "1899"]
[BlackElo "2015"]
[PlyCount "53"]
[EventDate "2010.12.27"]
[EventType "swiss"]
[EventRounds "7"]
[EventCountry "GER"]
[SourceTitle "CBM 140 Extra"]
[Source "ChessBase"]
[SourceDate "2011.03.01"]
[SourceVersion "1"]
[SourceVersionDate "2011.03.01"]
[SourceQuality "1"]

1. d4 d5 2. c4 c6 3. Nf3 Nf6 4. Qc2 dxc4 5. Qxc4 Bg4 6. Nc3 Nbd7 7. e3 Bxf3 8. gxf3 e5 9. dxe5 Nxe5 10. Qe2 Bb4 11. Bd2 Qa5 12. f4 Ned7 13. Bg2 0-0-0 14. 0-0 Rhe8 15. a3 Bxc3 16. Bxc3 Qf5 17. Rfe1 Ne4 18. Qf3 g5 19. Bh3 g4 20. Bxg4 Rg8 21. h3 h5 22. Qe2 hxg4 23. Bd4 gxh3+ 24. Kh1 Kb8 25. Red1 Rg2 26. Be5+ Ka8 27. Qc2 0-1

[Event "Enger Knappen Cup op-A"]
[Site "Enger"]
[Date "2009.12.28"]
[Round "3"]
[White "Ruerup, Hans Heinz"]
[Black "Geisler, Reinhard"]
[Result "1-0"]
[WhiteElo "2049"]
[BlackElo "1966"]
[PlyCount "49"]
[EventDate "2009.12.27"]
[EventType "swiss"]
[EventRounds "7"]
[EventCountry "GER"]
[SourceTitle "EXT 2011"]
[Source "ChessBase"]
[SourceDate "2010.11.26"]
[SourceVersion "1"]
[SourceVersionDate "2010.11.26"]
[SourceQuality "1"]

1. e4 c5 2. Nc3 Nc6 3. Bb5 g6 4. Bxc6 bxc6 5. f4 Bg7 6. Nf3 d6 7. d3 e6 8. 0-0 Ne7 9. Qe1 Rb8 10. b3 Ba6 11. Bd2 d5 12. Rd1 c4 13. dxc4 dxc4 14. Rf2 Qc7 15. e5 0-0 16. Ne4 Rfd8 17. Nd6 Nc8 18. Ba5 Nb6 19. bxc4 c5 20. Rfd2 Qc6 21. Ng5 Rd7 22. Bxb6 axb6 23. Qh4 h6 24. Ngxf7 Rxf7 25. Nxf7 1-0

[Event "Lippe Cup 04th"]
[Site "Lieme"]
[Date "2007.09.28"]
[Round "1"]
[White "Ruerup, Hans Heinz"]
[Black "Goessling, Guido"]
[Result "0-1"]
[WhiteElo "1976"]
[BlackElo "2239"]
[PlyCount "66"]
[EventDate "2007.09.28"]
[EventType "swiss"]
[EventRounds "5"]
[EventCountry "GER"]
[SourceTitle "EXT 2012"]
[Source "ChessBase"]
[SourceDate "2011.11.24"]
[SourceVersion "1"]
[SourceVersionDate "2011.11.24"]
[SourceQuality "1"]

1. e4 e5 2. Nf3 Nc6 3. Bc4 Nf6 4. d3 Bc5 5. Nc3 d6 6. h3 Be6 7. Bg5 h6 8. Bxf6 Qxf6 9. Nd5 Bxd5 10. Bxd5 Ne7 11. Bb3 Ng6 12. c3 Nf4 13. g3 Ne6 14. Qe2 0-0 15. 0-0-0 b5 16. Kb1 b4 17. cxb4 Bxb4 18. Bd5 Rab8 19. Rhf1 Rb6 20. Rc1 Rfb8 21. Rc6 Rxc6 22. Bxc6 Ba3 23. b3 Nc5 24. Nd2 a5 25. Nc4 Bb4 26. Nb2 Ne6 27. Bd5 Nd4 28. Qd1 c6 29. Bc4 Qd8 30. Na4 d5 31. exd5 cxd5 32. Ba6 Qd6 33. Qh5 Qxa6 0-1

[Event "Werther Schloss op-B 12th"]
[Site "Werther"]
[Date "2006.04.07"]
[Round "1"]
[White "Altenbernd, Dirk"]
[Black "Ruerup, Hans Heinz"]
[Result "1/2-1/2"]
[WhiteElo "2010"]
[BlackElo "1865"]
[PlyCount "29"]
[EventDate "2006.04.07"]
[EventType "swiss"]
[EventRounds "5"]
[EventCountry "GER"]
[SourceTitle "EXT 2008"]
[Source "ChessBase"]
[SourceDate "2007.11.25"]
[SourceVersion "1"]
[SourceVersionDate "2007.11.25"]
[SourceQuality "1"]

1. c4 c6 2. g3 Nf6 3. Bg2 d5 4. Nf3 Bg4 5. Qc2 Nbd7 6. b3 e5 7. Bb2 Bd6 8. d3 0-0 9. Nbd2 Qe7 10. e4 dxe4 11. dxe4 Ba3 12. Bc3 Bb4 13. 0-0 Bxc3 14. Qxc3 Rfe8 15. b4 1/2-1/2

[Event "Nordrhein Westfalen-ch Seniors 13th"]
[Site "Bad Salzuflen"]
[Date "2002.06.09"]
[Round "2"]
[White "Ruerup, Hans Heinz"]
[Black "Leimkuehler, Heinz Guido"]
[Result "1-0"]
[WhiteElo "1918"]
[BlackElo "1583"]
[PlyCount "115"]
[EventDate "2002.06.??"]
[EventType "swiss"]
[EventRounds "9"]
[EventCountry "GER"]
[SourceTitle "EXT 2006"]
[Source "ChessBase"]
[SourceDate "2005.11.24"]
[SourceVersion "1"]
[SourceVersionDate "2005.11.24"]
[SourceQuality "1"]

1. e4 e5 2. Bc4 Nf6 3. Nf3 Nc6 4. d3 Be7 5. 0-0 0-0 6. Re1 d6 7. a4 Bg4 8. c3 h6 9. Nbd2 Na5 10. Ba2 c5 11. h3 Bd7 12. Nf1 Nh7 13. d4 exd4 14. cxd4 Ng5 15. Bxg5 Bxg5 16. Ne3 b6 17. Nxg5 Qxg5 18. dxc5 Qxc5 19. Rc1 Qg5 20. Rc7 Rfd8 21. Qd5 Qxd5 22. Bxd5 Rac8 23. Rec1 Rxc7 24. Rxc7 Be6 25. Rxa7 Rc8 26. b4 Nc6 27. Rb7 Nxb4 28. Bxe6 fxe6 29. Rxb6 Nc6 30. Kf1 Kf7 31. Nc4 Kf6 32. Nxd6 Ra8 33. Rxc6 Rxa4 34. Nc4 Ra2 35. Rd6 Ra4 36. Nd2 h5 37. f4 g6 38. Nf3 Ke7 39. e5 Rc4 40. g3 Rc3 41. Ke2 Ra3 42. Rc6 Ra2+ 43. Nd2 Ra7 44. Rc3 Rb7 45. Rb3 Ra7 46. Ne4 Ra2+ 47. Kf3 Ra1 48. Rb7+ Kf8 49. g4 Ra3+ 50. Kg2 Ra2+ 51. Nf2 hxg4 52. hxg4 Ra4 53. Kg3 Ra3+ 54. Kh4 Rf3 55. Nh3 Rf1 56. Kg5 Rf3 57. Kf6 Ke8 58. Rh7 1-0

[Event "Nordrhein Westfalen-ch Seniors 13th"]
[Site "Bad Salzuflen"]
[Date "2002.06.08"]
[Round "1"]
[White "Heyne, Manfred"]
[Black "Ruerup, Hans Heinz"]
[Result "1/2-1/2"]
[WhiteElo "1642"]
[BlackElo "1918"]
[PlyCount "68"]
[EventDate "2002.06.??"]
[EventType "swiss"]
[EventRounds "9"]
[EventCountry "GER"]
[SourceTitle "EXT 2006"]
[Source "ChessBase"]
[SourceDate "2005.11.24"]
[SourceVersion "1"]
[SourceVersionDate "2005.11.24"]
[SourceQuality "1"]

1. d4 d5 2. c4 c6 3. Nf3 Nf6 4. Nc3 dxc4 5. e4 b5 6. e5 Nd5 7. a4 e6 8. axb5 Nxc3 9. bxc3 cxb5 10. g3 Be7 11. Ba3 Bb7 12. Bg2 0-0 13. Qc2 Bd5 14. 0-0 Nc6 15. Rfb1 Qb6 16. Bxe7 Nxe7 17. Ng5 g6 18. Ne4 Kg7 19. Qd2 Bxe4 20. Bxe4 Nd5 21. h4 h5 22. Ra4 a5 23. Rxc4 Rab8 24. Rc5 b4 25. cxb4 Nxb4 26. Qg5 Qd8 27. Qe3 Rc8 28. Rbc1 Rxc5 29. dxc5 Qc7 30. f4 Rd8 31. c6 Nd5 32. Qc5 Nb4 33. Ra1 Rc8 34. Rc1 Rd8 1/2-1/2

[Event "OWL-ch"]
[Site "Lieme"]
[Date "2002.04.03"]
[Round "2"]
[White "Freiberger, Jonas"]
[Black "Ruerup, Hans Heinz"]
[Result "1-0"]
[WhiteElo "1879"]
[BlackElo "1894"]
[PlyCount "79"]
[EventDate "2002.04.03"]
[EventType "tourn"]
[EventRounds "7"]
[EventCountry "GER"]
[SourceTitle "EXT 2022"]
[Source "ChessBase"]
[SourceDate "2021.10.06"]
[SourceVersion "1"]
[SourceVersionDate "2021.10.06"]
[SourceQuality "1"]

1. b4 d5 2. Bb2 Bg4 3. Nf3 Nf6 4. e3 e6 5. b5 Bd6 6. h3 Bh5 7. Be2 Nbd7 8. 0-0 c5 9. c4 0-0 10. d3 Rc8 11. Nbd2 Bb8 12. Ne1 Bxe2 13. Qxe2 dxc4 14. Nxc4 Nd5 15. f4 Qh4 16. Nf3 Qg3 17. Ng5 h6 18. Rf3 Qh4 19. Ne4 Qe7 20. Rg3 g6 21. Qh5 Kh7 22. Qf3 N7f6 23. h4 Nxe4 24. dxe4 Nb6 25. Nxb6 axb6 26. h5 g5 27. Rf1 Rcd8 28. e5 Rd2 29. Bc3 Rxa2 30. fxg5 hxg5 31. Qe4+ Kg7 32. Rf6 Rh8 33. Rxg5+ Kf8 34. h6 Ra3 35. Bb2 Rb3 36. h7 Rb4 37. Qg6 Ke8 38. Qg8+ Qf8 39. Qxh8 Qxh8 40. Rg8+ 1-0

[Event "Werther Schloss op-B 7th"]
[Site "Werther"]
[Date "2001.04.08"]
[Round "5"]
[White "Hoelting, Siegfried"]
[Black "Ruerup, Hans Heinz"]
[Result "0-1"]
[WhiteElo "1712"]
[BlackElo "1930"]
[PlyCount "58"]
[EventDate "2001.04.06"]
[EventType "swiss"]
[EventRounds "5"]
[EventCountry "GER"]
[SourceTitle "EXT 2002"]
[Source "ChessBase"]
[SourceDate "2001.11.25"]
[SourceVersion "1"]
[SourceVersionDate "2001.11.25"]
[SourceQuality "1"]

1. e4 c5 2. g3 Nc6 3. Bg2 Nf6 4. d3 d6 5. c3 Bg4 6. Qc2 g6 7. Bg5 Bg7 8. Nd2 Rc8 9. Bh3 Qd7 10. Bg2 h6 11. Be3 h5 12. f3 Be6 13. h4 b5 14. Bh3 Bxh3 15. Nxh3 Ne5 16. d4 cxd4 17. Bxd4 Nc6 18. Qd3 Nxd4 19. Qxd4 a5 20. a4 0-0 21. axb5 Qxb5 22. c4 Qb4 23. Qc3 Nd7 24. Qxb4 axb4 25. Ra4 Ra8 26. Rxa8 Rxa8 27. Ke2 Bxb2 28. Nf4 Bc3 29. Rb1 Ra2 0-1